| 000 | 00469nam a2200181Ia 4500 | ||
|---|---|---|---|
| 008 | 240925s9999 xx 000 0 und d | ||
| 020 | _a9789325978584 | ||
| 082 | _a530.141 KHU | ||
| 100 | _aKhurana, Rohit | ||
| 245 | 0 | _aElectromagnetic field theory | |
| 250 | _aNA | ||
| 260 |
_aIndia: _bVikar Publisher House _c,2016. |
||
| 300 |
_a435p. _b0 _fOriginal |
||
| 500 | _aIncludes Index | ||
| 600 | _aHumanities & Natural Science | ||
| 650 | _aPhysics | ||
| 942 | _cBK | ||
| 999 |
_c17965 _d17965 |
||